[Event "Tata Steel-A 73rd"]
[Site "Wijk aan Zee"]
[Date "2011.01.18"]
[Round "4"]
[White "Shirov, Alexei"]
[Black "Vachier Lagrave, Maxime"]
[Result "0-1"]
[WhiteElo "2722"]
[BlackElo "2715"]
[Annotator "Vachier Lagrave,M"]
[PlyCount "64"]
[EventDate "2011.01.14"]
[EventType "tourn"]
[EventRounds "13"]
[EventCountry "NED"]
[EventCategory "20"]
[SourceTitle "CBM 141"]
[Source "ChessBase"]
[SourceDate "2011.03.17"]
[SourceVersion "1"]
[SourceVersionDate "2011.03.17"]
[SourceQuality "1"]

{This was fourth round of Wijk aan Zee, I had begun with 3 draws, missing a
good chance against Wang Hao. I also knew that Alexei always plays principled
lines, so I thought that probably I would have some chances in this game.} 1.
d4 {I was again expecting 1.e4, but I guess that having to work on both
Najdorf and Dragon which I had just played against Grischuk in round 2 was
just too much.} Nf6 2. c4 g6 3. Nc3 d5 4. cxd5 Nxd5 5. e4 Nxc3 6. bxc3 Bg7 7.
Bc4 {Not a surprise, Alexei had played this against me in Essent, and it is
indeed principled.} c5 8. Ne2 Nc6 9. Be3 O-O 10. O-O Na5 {Here is the first
surprise, I was playing mainly 10...Bd7, and also in Essent. But I had done a
bit of work on the 10...Na5 variation before the tournament, so I decided to
give it a shot.} 11. Bd3 b6 12. Qd2 (12. Rc1 e5 13. dxc5 Be6 14. c4 bxc5 15.
Bxc5 Bh6 {is known for being nothing serious for White.}) 12... e5 13. Bh6 (13.
Bg5 Qd7 14. Bh6 Bb7 15. Bxg7 Kxg7 16. d5 (16. f4 $2 f5 $1) 16... f5 17. f3 {
Was played by Nakamura against me in 10th round, and here I blundered badly
with} Rf7 $2 18. exf5 {and my idea} Qxd5 19. fxg6 Rd7 {was not working because
of} 20. Qe3 $1 Qxd3 21. Qxe5+ Kg8 (21... Kh6 22. Nf4 $18) 22. Qe6+ Kh8 23. Rad1
$1 Qxd1 24. Rxd1 Rxd1+ 25. Kf2 hxg6 26. Nf4 {And I could feel that something
is wrong here, none of my pieces are defending my king !} Rg8 (26... Rd2+ 27.
Ke1 Rdd8 28. Qf7 $1 $16) 27. Nh5 $3 {and White wins.}) 13... cxd4 14. cxd4 exd4
15. Rac1 ({This game was the main boost for this variation for White. It must
be said that it's not so often that a piece of preparation, good as it might
be, wins a game in a World Championship by itself.} 15. Bxg7 Kxg7 16. Rac1 (16.
f4 {was the main line before this game.}) 16... Qd6 17. f4 f6 18. f5 Qe5 19.
Nf4 g5 20. Nh5+ {This is super dangerous for Black.} Kg8 21. h4 h6 22. hxg5
hxg5 23. Rf3 Kf7 $2 {The decisive mistake. It was necessary to play} (23... Bd7
24. Rg3 (24. Nxf6+ $6 Rxf6 25. Qxg5+ Kf7 26. Rh3 Rg8 27. Rh7+ Kf8) 24... Kf7
25. Bc4+ Nxc4 26. Rxc4 Rh8 27. Rxd4 Be8 $1 28. Rd7+ Kf8 $1 (28... Bxd7 $4 29.
Qxd7+ Qe7 30. Qd5+) 29. Nxf6 Qa1+ $1 30. Kf2 Qxf6 31. Qb4+ Kg8 32. Rxg5+ Qxg5
33. Qb3+ Kf8 34. Qa3+ $11) 24. Nxf6 $1 Kxf6 25. Rh3 {And the attack is too
strong. Topalov converted it into a full point flawlessly.} Rg8 26. Rh6+ Kf7
27. Rh7+ Ke8 28. Rcc7 Kd8 29. Bb5 Qxe4 30. Rxc8+ {1-0 Topalov,V-Anand,V/Sofia
BUL 2010/The Week in Chess 807}) 15... Bb7 {Deviates from the play of Anand.}
16. Bxg7 Kxg7 17. f4 Rc8 {This idea is quite new, only hoping to exchange some
pieces and let White play f5-f6. Black is hoping to get sufficient resources
to avoid getting mated, the play is very concrete.} 18. f5 (18. Rxc8 Bxc8 19.
f5 Nc6 {is another possibilty, though for me it's clear that the bishop has a
better location on c8 than on b7 - more of an explanation on move 22.}) 18...
Rxc1 (18... Nc6 {, like Howell played is very awkward, why then 17...Rc8 ?} 19.
f6+ Kh8 20. Qh6 Rg8 21. Rf3 Qf8 22. Qh4 h6 23. Rh3 Kh7 24. Rxc6 $5 Rxc6 25. e5
{and Black finds it hard to unentangle, and with slow play White managed to
create a decisive attack, though probably with some help:} Bc8 26. g4 Rc5 (
26... Rh8 $1) 27. Qg5 Rh8 28. Nf4 Rg8 29. Rh5 Ba6 30. Be4 Rc1+ 31. Kf2 d3 $2
32. Ne6 $1 fxe6 33. Qxc1 d2 34. Qxd2 Qc5+ 35. Kg2 {1-0 Podolchenko,E-Howell,D/
Khanty-Mansiysk RUS 2010/The Week in Chess 830}) 19. Qxc1 Nc6 20. f6+ Kh8 21.
Qg5 $1 {Of course, it's important to put the queen here, as it's protecting
the pawn on f6 - so now the Rf1 is free to do some harm, and it also avoids
many defensive ideas featuring g5.} (21. Qh6 Rg8 22. Rf3 Qf8 {would be losing
time and letting Black organise his play.}) 21... Qd6 {I had a sudden
hesitation as I couldn't remember which move I had favoured between 21...Qd6
and 21...Re8.} (21... Re8 $2 22. Nf4 Qd6 (22... Ne5 $6 23. Bb5 Bc6 24. Bxc6
Nxc6 25. Qh6 Rg8 26. Nh3 $18) (22... Re5 $6 23. Nxg6+ $1 fxg6 24. Qh6 Qg8 25.
f7 $18) 23. Bc4 $1 {Finally, I saw that this idea was hurting.} Ne5 (23... Qf8
24. Nxg6+ $1 hxg6 25. Rf4 Ne5 26. Rh4+ Kg8 27. Rh6 $1 Nxc4 28. Qh4 $18) 24.
Bxf7 $1 Nxf7 25. Nxg6+ hxg6 26. Qxg6 Qf8 27. Rf3 $18) 22. Ng3 $2 {This move
was played after a long think. It's quite surprising that Alexei wasn't so
aware of these positions - but of course it's not that easy to keep the attack
going.} (22. Rf5 $6 Qa3 23. Rf3 Rc8 24. Ba6 (24. Rh3 $6 Qa5 $1 25. Qh4 h5)
24... d3 $1 25. Bxd3 Qd6 {and Black suddenly has all his pieces ready for
action.}) (22. Nf4 $6 Ne5 {and the rook can't join the attack.}) (22. Rf4 $1 {
was the main critical move.} Re8 23. Rh4 {and here my idea during the game is
just losing:} Kg8 $2 (23... Qf8 {was looking far too dangerous to me.}) 24. Ng3
$1 {This idea I forgot. That is why the Bb7 is misplaced.} (24. Qh6 $2 Qxf6 25.
Qxh7+ Kf8 26. Nf4 Ne5) (24. Rh6 $2 Ne5 25. Qh4 Nd7 $1) 24... Bc8 $8 25. Nh5 $1
{threatening 26.Qh6 Qf8 27.Ng7} Qb4 26. h3 Ne5 (26... Qe1+ 27. Kh2 Qe3 28. Nf4
$18) 27. Qh6 Qe1+ 28. Kh2 Nf3+ 29. gxf3 Qf2+ 30. Kh1 Qxf3+ 31. Kg1 Qe3+ 32.
Qxe3 dxe3 33. Ng3 $16) 22... Rg8 $1 {A very important move - generally Black
avoids it until forced to do it, but here it avoids Nf5, and now the Ng3 is
completely misplaced.} 23. Bc4 {Ne5 was the next move, so Alexei decides at
least to get his bishop on a more appealing diagonal, aiming at the f7 pawn.} (
23. Rf4 Qc5 $1 {a very important resource all through the game.} 24. Qh6 Qc1+ {
and now White can't develop anything like an attack.} 25. Bf1 d3 $19) 23... Ne5
24. Bb3 d3 25. h3 $1 (25. h4 {would deprive White of attacking ideas with
Rh4-h4, and g4 would also become weak.}) 25... Ba6 $5 {Threatening sometimes
d2 as well as offering Black ideas with Bc4.} 26. Rf4 (26. Bd5 Bc4) (26. Rd1 $1
{was the best chance, but also an admission of failure.} Qd4+ 27. Kh2 Bc4 $6 (
27... Bb7 $1) 28. Bxc4 Nxc4 29. Qd5 Qxd5 30. exd5 Ne5 31. Ne4 {and White gets
some tiny hope of holding.}) 26... d2 27. Kh2 $1 (27. Rh4 Qc5+ $1 28. Kh1 $8 (
28. Kh2 Nf3+) 28... Qc1+ 29. Bd1 $1 Qxd1+ 30. Kh2 {and here I had calculated
this pretty line:} Qg1+ 31. Kxg1 d1=Q+ 32. Kh2 Nf3+ 33. gxf3 Rc8 $1 $19) 27...
Qc5 $1 {This move kills White's counterplay.} 28. h4 (28. Qh6 Qe3 $1 29. Bd1
Nd3 $19) 28... Nd3 {After some think, I decided this was the easiest, though
it needed some really precise calculation!} (28... Bc4 {was probably really
simpler.}) 29. e5 $1 {The best practical chance, by far.} Nxf4 30. Ne4 {
Well, I had already seen the following pretty line for Black, but I couldn't
believe that all the other moves were not that convincing.} Ne6 $1 (30... Qc6
31. Nd6 Bc4 $1 {was also winning, because of} 32. Bxc4 Qxd6 $1 33. exd6 d1=Q
34. Qxf4 Rd8 $1) (30... d1=Q 31. Bxd1 Qd4 $1 32. Qxf4 g5 $1 {was also enough,
but this could really be getting unclear after} 33. hxg5 Qxd1 34. e6 {and even
though this is still winning, my solution was clearly the simplest - as well
as the prettiest, which is always a good feeling :)}) 31. Bxe6 Qc6 $1 {And
here White's attack is stopped, and the N sac gives Black the opportunity to
promote. 3 threats is too much.} 32. Bxf7 (32. Nd6 Qxd6 $1 33. exd6 d1=Q $19)
32... d1=Q {It was a good feeling to win this game - though it was basically
decided by home preparation. Suddenly after one mistake White just had no
serious threat to offer, even though it was always dangerous and difficult for
me to decide how to cope with the "ghost threats" which would never happen to
be real threats, but that I had to always keep in mind to avoid losing - as
here a blunder would most likely drop a full point!} 0-1

[Event "Bundesliga 9798"]
[Site "Germany"]
[Date "1998.04.25"]
[Round "14.2"]
[White "Jussupow, Artur"]
[Black "Van Wely, Loek"]
[Result "1-0"]
[WhiteElo "2640"]
[BlackElo "2655"]
[Annotator "Van Wely,L"]
[PlyCount "103"]
[EventDate "1997.10.18"]
[EventType "team-tourn"]
[EventRounds "15"]
[EventCountry "GER"]
[SourceTitle "CBM 064"]
[Source "ChessBase"]
[SourceDate "1998.06.02"]
[SourceVersion "1"]
[SourceVersionDate "1998.06.02"]
[SourceQuality "1"]
[WhiteTeam "Solingen"]
[BlackTeam "Porz"]
[WhiteTeamCountry "GER"]
[BlackTeamCountry "GER"]

1. d4 Nf6 2. c4 g6 3. Nc3 d5 4. cxd5 Nxd5 5. e4 Nxc3 6. bxc3 Bg7 7. Bc4 O-O 8.
Ne2 c5 9. O-O Nc6 10. Be3 Bg4 11. f3 Na5 12. Bxf7+ Rxf7 13. fxg4 Rxf1+ 14. Kxf1
Qd7 15. g5 Nc4 16. Bf2 e5 $5 17. dxc5 (17. d5 b6 {mit idee Sd6, xe4,xc4,xa4})
17... Rd8 (17... Nd2+ 18. Ke1 Rd8 (18... Rf8 19. Ng3 (19. Qxd2 Qxd2+ 20. Kxd2
Rxf2 21. Rb1 Bf8) 19... Qd3 20. Rc1 {mit idee 21 De2}) 19. Qc2 {mit idee 20 Td1
}) 18. Qxd7 Rxd7 19. Ke1 Nb2 20. Nc1 Na4 21. Nb3 (21. Ne2 {=}) 21... Nxc3 22.
Rc1 Nxa2 (22... Nxe4 $2 23. Be3 {droht 24 Tc4 mit springerfang} Rd3 24. Ke2 Rc3
25. Rd1 $18) 23. c6 $1 bxc6 (23... Rd8 24. Ra1 (24. Rc4 $6 b5 $1) 24... Nb4 25.
cxb7 $1 Nc2+ 26. Ke2 Nxa1 27. Na5 $1 {mit idee Sc6-Se7-Sc8} Rb8 28. Bxa7 Rxb7
29. Nxb7 $16) 24. Rxc6 Bf8 25. Nc5 (25. Rc8 Kf7 {mit idee 26....Sc3} (25... Nc3
$6 26. Nd2 $1)) 25... Bxc5 $6 (25... Rd6 $1 26. Rc8 Nc3 27. Be3 Rd1+ 28. Kf2
Kf7 29. Rc7+ Be7 30. Rxa7 Ke8 31. Ra8+ Kf7 $11) 26. Rxc5 Nb4 $6 (26... Kf7 $1
27. Be3 {mit idee 28 Ld2} (27. Rxe5 Re7) 27... Rb7 $1 28. Bd2 (28. Rxe5 Nc3 (
28... Re7 $4 29. Rxe7+ Kxe7 30. Bd2 $18) 29. Kd2 Nb5 {mit idee 30...a6 =})
28... Nb4 {mit idee 29....Sa6,30...Sc7,31....Se6} 29. Bxb4 Rxb4 30. Rxe5 a6 $1
{mit idee 31.....Tb5}) 27. Ke2 Nd3 28. Rc8+ Kf7 29. Be3 Nb4 $2 (29... Nf4+ $8
30. Bxf4 exf4 31. Kf3 {mit idee 32.kf4,33Rc6,34h4, 35 g4, 35 h5, +/-}) 30. Rc4
Nd3 31. g3 a5 32. Bb6 Nb2 33. Rc2 Na4 34. Bxa5 Rb7 35. Rc4 Nb2 36. Rc5 Na4 37.
Rxe5 Rb2+ 38. Bd2 Nb6 39. Rc5 Nd7 40. Rd5 Nb6 41. Rd4 Ke6 42. Ke3 Nd7 43. Ra4
Ne5 44. Ra6+ Kd7 45. Bc3 Rb3 46. Kd4 Nf3+ 47. Kc4 Rb1 48. h4 Rc1 49. Kd3 Rg1
50. e5 Rxg3 51. e6+ Ke8 52. Kc4 1-0

[Event "NED-ch36 sf-B"]
[Site "Eindhoven"]
[Date "1980.12.14"]
[Round "7"]
[White "Pliester, Leon"]
[Black "Van Dop, Arend J"]
[Result "1-0"]
[WhiteElo "2330"]
[BlackElo "2320"]
[Annotator "Van der Poel,H"]
[PlyCount "113"]
[EventDate "1980.11.22"]
[EventType "swiss"]
[EventRounds "7"]
[EventCountry "NED"]
[SourceTitle "EXT 2004"]
[Source "ChessBase"]
[SourceDate "2003.11.25"]
[SourceVersion "1"]
[SourceVersionDate "2003.11.25"]
[SourceQuality "1"]

1. d4 Nf6 2. c4 g6 3. Nc3 d5 4. cxd5 Nxd5 5. e4 Nxc3 6. bxc3 Bg7 7. Bc4 c5 8.
Ne2 O-O 9. O-O Nc6 10. Be3 Qc7 11. Qc1 b6 12. Bf4 e5 13. Bg3 Qe7 14. Bd5 Bb7
15. Bxc6 Bxc6 16. d5 Bd7 17. f3 b5 18. Bf2 a5 19. Rd1 Qd6 20. c4 b4 21. a4 Rac8
22. Qd2 f5 23. Nc1 Rf7 24. Nb3 Qb6 25. exf5 gxf5 26. Ra2 Bf8 27. Re1 Bd6 28.
Qh6 Qc7 29. Nxa5 $6 Bf8 30. Qa6 Rg7 31. Nc6 (31. Nb3 Rg6 32. Qa5 Qxa5 33. Nxa5
Ra6 34. Nb3 Rxa4 35. Rea1 Rca8 36. Rxa4 Rxa4 37. Rxa4 Bxa4 38. Nxc5 Bc2 $19)
31... Rg6 32. a5 Bxc6 33. dxc6 Rb8 34. Qb5 $5 b3 $1 35. Raa1 (35. Ra4 Rxc6) (
35. Ra3 Rxb5 36. cxb5 c4 37. Ra4 Rxc6) 35... Rxc6 $2 (35... Rxb5 $1 36. cxb5
Qb8 37. a6 Rg7 38. Reb1 Qxb5 39. a7 Rxa7 40. Rxa7 c4 41. c7 Qc6 $19) 36. Qa4
Ra6 37. Reb1 Rb4 38. Qa3 Qb7 39. Be1 Rxc4 40. Qxb3 Qxb3 41. Rxb3 Rd4 42. Rb8
Kf7 43. Rb7+ Be7 44. Bf2 Rc4 45. g4 $1 Ke8 46. gxf5 Rf4 47. Rb6 Rxb6 48. axb6
Rb4 49. Ra8+ Kf7 50. Ra7 Kf6 51. b7 (51. f4 Bd6 $1 (51... Rxf4 $2 52. Rxe7 $1
Kxe7 53. b7 Rg4+ 54. Kf1 Rg8 55. Bxc5+ Kd7 56. Ba7 $18)) 51... Kxf5 (51... Bd6
52. Ra6 Ke7 53. f6+ Kd7 54. Rxd6+ Kxd6 55. Bxc5+ Kxc5 56. f7) 52. b8=Q Rxb8 53.
Rxe7 Rc8 54. Bg3 c4 55. Rxe5+ Kg6 56. Re2 Kf5 57. Be1 1-0

[Event "Haninge"]
[Site "Haninge"]
[Date "1989.??.??"]
[Round "?"]
[White "Polugaevsky, Lev"]
[Black "Ftacnik, Lubomir"]
[Result "0-1"]
[WhiteElo "2575"]
[BlackElo "2550"]
[Annotator "Wedberg,T"]
[PlyCount "126"]
[EventDate "1989.??.??"]
[EventType "tourn"]
[EventRounds "11"]
[EventCountry "SWE"]
[EventCategory "13"]
[SourceTitle "CBM 013"]
[Source "ChessBase"]
[SourceDate "1989.12.01"]
[SourceVersion "1"]
[SourceVersionDate "1989.12.01"]
[SourceQuality "1"]

1. d4 {Ftacnik} Nf6 2. c4 g6 3. Nc3 d5 4. cxd5 Nxd5 5. e4 Nxc3 6. bxc3 Bg7 7.
Bc4 c5 8. Ne2 Nc6 9. Be3 O-O 10. Rc1 {Polugaevskys own move. He won a fine
game with it against Kortschnoj in last years Haninge Tournament. The idea is
to get out of the long diagonal.} cxd4 11. cxd4 Qa5+ $1 (11... Bg4 12. f3 Na5
13. Bd3 Be6 14. d5 $16 {Here we see the point behind Polu's rookmove. With 10.
0-0 instead White must give up the exchange to play d5.}) 12. Kf1 (12. Bd2 Qb6
$13) 12... Bd7 (12... Bg4 $5 13. f3 Bd7) 13. h4 Rfc8 $1 {Black wants to
exchange pieces on the Q-side. In the end the K on f1 will be left undefended.
Its important to take the f8-R to c8 leaving a flightsquare for the K on f8.} (
13... e5 14. d5 Nd4 $6 15. Nxd4 exd4 16. Bxd4 Bxd4 17. Qxd4 Rac8 18. Ke2 $1 $16
{Polugaevsky-Kortschnoj, Haninge 1988.}) (13... Rac8 {Ftacnik} 14. h5 e5 15.
hxg6 hxg6 16. d5 Nd4 17. Nxd4 exd4 18. Bxd4 Rxc4 19. Rxc4 Qa6 20. Qd3 Bb5 21.
Qh3 Bxc4+ 22. Kg1 $18) 14. e5 (14. h5 {Ftacnik} e5 $1 (14... Nd8 15. hxg6 hxg6
16. Bd2 $2 {16.Qd3!? []} Qa4 17. Bb3 Qa6 $15 {Nogueiras,J-Ljubojevic,L/
Barcelona WCup/1989/}) 15. hxg6 hxg6 16. d5 Nd4 17. Nxd4 exd4 18. Bxd4 Rxc4 $1
19. Rxc4 (19. Bxg7 Qa6 $1) 19... Qa6 20. Qd3 Bb5 $19 {Polugaevsky}) 14... Nd8
$1 15. h5 {Polugaevsky continues with his prepared attack. But it doesn't look
fright- ening until he gets his Q to h7 and B to h6. But surely by that time
something awful has already happened on the other side of the board.} (15. f3
Bb5 16. Bxb5 Qxb5 17. Kf2 {White seems to be OK with his K in a safe spot and
the R's connected. The attack with h4-h5 can come later.}) 15... Bb5 16. Bxb5
Qxb5 17. hxg6 hxg6 18. Kg1 {There was still time for 18.f3 and 19. f2.} (18.
Rb1 {Ftacnik} Qc4 {>< a2}) 18... Rxc1 (18... Ne6 $5 $15) (18... Ne6 $5 {Ftacnik
} 19. Rb1 (19. Nc3 Qa5) 19... Qd5 20. Qd2 Rc7 21. Bh6 Bh8 $8 22. Nf4 Qxd4 (
22... Nxf4 23. Qxf4 Rd8 24. Bf8 $1 Qxd4 25. Rxh8+ $18) 23. Nxe6 Qxd2 24. Bxd2
fxe6 25. f4 $13 {>< Lh8; 20.... f5!?}) 19. Nxc1 Ne6 20. Qg4 {The check on h7
is looming up!} Rc8 21. Qh4 (21. Qe4 $14) (21. Nb3 {Ftacnik} Rc2 (21... b6 $1
22. Qh4 Qe2 23. Qh7+ Kf8 24. Bh6 Ke8 $1 25. Bxg7 Rc2 $132) 22. Nc5 (22. Qh4 Qe2
) 22... Rxa2 (22... Nxc5 $2 23. Qc8+ Bf8 24. Rh8+ $1 Kxh8 25. Qxf8+ Kh7 26.
Qxf7+ Kh8 27. Qf8+ Kh7 28. Qh6+ Kg8 29. Qxg6+ Kh8 30. Qxc2 $18) 23. Nxe6 Ra1+
24. Kh2 Rxh1+ 25. Kxh1 Qd7 26. d5 fxe6 27. dxe6 {>< Lg7}) (21. Qe4 $5 $13 {
Ftacnik +/=, Polugaevsky}) 21... Qb1 (21... Kf8 {Ftacnik} 22. Qh7 Ke8 $1 23.
Qg8+ Kd7 24. Qxf7 Qb1 25. Kh2 Rf8 $19) 22. Qh7+ (22. Kh2 {Ftacnik} Qf5 23. Ne2
g5) 22... Kf8 23. Kh2 Qf5 $1 (23... Ke8 $5 {Ftacnik}) 24. Ne2 (24. Bh6 Ke8 $1 {
The condemned cheats the gallows.} (24... Qh5+ {Ftacnik} 25. Kg3 (25. Kg1 $2
Qxh6 $1 $19) 25... Rc3+ 26. f3 Qxh6 $3 27. Rxh6 Ng5 28. Ne2 Rc2 29. Nf4 Nxh7
30. Rxh7 e6 $17) 25. Bxg7 Nxg7 (25... Qf4+ $19) 26. Qxg7 Qh5+ $19) 24... Rc2
25. Rc1 {Finally White admits that his attack is going nowhere and starts
fighting for a draw.} (25. Bh6 Ke8 26. Bxg7 Rxe2 $19) (25. Ng3 Qg4 26. Bh6 Ke8
27. Bxg7 Nxg7 (27... Rxf2 {Ftacnik} 28. Rf1 Rxf1 29. Nxf1 Qf4+ 30. Kg1 Qxd4+
$10) 28. Qxg7 Qh4+ 29. Kg1 Rc1+ 30. Nf1 Rxf1+ 31. Kxf1 Qxh1+ 32. Ke2 Qxg2 33.
Qg8+ Kd7 34. Qxf7 Qe4+ 35. Kf1 Qxd4 36. Qxg6 Qxe5 $17) (25. Re1 $5 {Ftacnik}
Nc7 $13) 25... Rxc1 26. Nxc1 (26. Bxc1 {Ftacnik} Nxd4 27. Nxd4 Qxe5+ $19) 26...
Nxd4 $1 {Now it's definitly clear that White has failed.} 27. f4 (27. Bxd4 Qf4+
28. g3 Qxd4 $19) 27... Qe4 (27... Ne6 {Ftacnik} 28. Qh3 $8 Qxh3+ 29. Kxh3 b6
30. g4 Ke8 $19 {Polugaevsky}) 28. Qh3 Nf5 (28... Ne6 {Ftacnik} 29. Bd2 g5 30.
Qc3 Kg8 31. g3 gxf4 32. gxf4 Nxf4 33. Qc8+ Kh7 34. Qg4 Bxe5 $19) 29. Bd2 g5 $1
{By breaking up White's pawnformation Black secures his advantage.} 30. Qc3 (
30. Nd3 {Ftacnik} g4 31. Nc5 g3+ $1 $19) 30... Kg8 31. Qd3 Qxd3 32. Nxd3 gxf4
33. Bxf4 b6 (33... e6 {Ftacnik} 34. Nc5 b6 35. Nd7) 34. g4 (34. e6 {Ftacnik}
fxe6 35. Bb8 a5 36. Bc7 Bd4 $22 {/\ Sd6, e5 -+}) 34... Nd4 35. Kg2 Kf8 36. Kf2
Ke8 37. Ke3 Nc6 38. Ke4 (38. e6 {Ftacnik} fxe6 39. Ke4 Kf7 40. Ne5+ Bxe5 41.
Bxe5 Nxe5 42. Kxe5 b5 43. Kd4 Kf6 $19) 38... Kd7 39. Be3 e6 {Black is a clear
pawn ahead. Yet the win takes some fine manouvering since White is controlling
the centre.} 40. a4 Bf8 41. Bd2 Nd8 $1 {Preparing Nb7-c5 and giving the K
access to c6. Black can drive White back with threats to exchange pieces.} 42.
Kd4 (42. a5 {Ftacnik} bxa5 43. Bxa5 Nc6 44. Bc3 a5 $19) (42. Bb4 {Ftacnik} Bxb4
43. Nxb4 Nb7 $1 44. Nd3 Nc5+ 45. Nxc5+ bxc5 46. Kd3 Kc6 47. Kc4 Kb6 $1 (47...
a5 $2 48. g5 $10) 48. a5+ Kc6 $19) 42... Nb7 43. Kc4 a6 (43... Nc5 $5 {Ftacnik}
44. Nxc5+ (44. Nb2 Kc6 45. Be3 Nxa4 46. Nxa4 b5+ $19) 44... Bxc5 45. Kb5 Bd4
46. Bf4 Kc7 47. Ka6 Kc6 $22 48. Kxa7 b5+ $19) 44. Ne1 (44. Bb4 {Ftacnik} Bxb4
45. Nxb4 Na5+ (45... Nc5 {Ftacnik} 46. a5 bxa5 $19) 46. Kc3 Nc6 47. Nd3 b5 $19)
(44. Nb4 {Ftacnik} Bxb4 45. Bxb4 Kc6 46. g5 a5 $1 47. Ba3 Nc5 $19) 44... Kc6 (
44... Nc5 {Ftacnik} 45. Bb4 Kc6 46. Nf3 {/\ Ng5}) 45. Nf3 b5+ 46. axb5+ axb5+
47. Kd4 (47. Kc3 {Ftacnik} Be7 48. Bg5 (48. Ng5 Bxg5 $19) 48... Bxg5 49. Nxg5
Nd8 50. Kd4 Kb6 $1 51. Ke4 (51. Nh7 Nc6+ 52. Ke4 b4 53. Ng5 b3 54. Kd3 Nxe5+
55. Kc3 Kc6 56. Kxb3 Kd5 {/\ f6, Nxg4 -+}) 51... Kc5 $19) 47... Bc5+ 48. Ke4
Be7 49. Kd4 (49. Nd4+ {Ftacnik} Kc5 50. Kd3 Bd8 51. g5 Kd5 $1 52. Nb3 Nc5+ 53.
Ke2 Kxe5 $19) 49... b4 $1 {The K is going to the a-file via b5 to help the P
advance.} 50. g5 (50. Bg5 {Ftacnik} Bc5+ 51. Kc4 (51. Ke4 Bf2 $1 52. Bf6 Nc5+
53. Kf4 b3 $19) 51... Na5+ 52. Kd3 Kd5 53. Bf4 Nc6 54. Ng5 Bd4 (54... Nd8 $19)
55. Nxf7 b3 56. Bd2 Ba1 $1 57. g5 Nd4 58. Bc3 b2 59. Bxb2 Bxb2 60. g6 Nf5 $19)
50... Na5 51. Ke4 Nb3 52. Be3 Nc5+ 53. Kd4 (53. Bxc5 {Ftacnik} Kxc5 54. g6 fxg6
55. Nd4 Kc4 $19) 53... Kb5 54. Nh4 Nd7 (54... Ka4 55. g6 Bxh4 $4 56. g7 $18)
55. Bc1 (55. g6 Bxh4 (55... Bc5+ {Ftacnik} 56. Ke4 fxg6 57. Nxg6 b3) 56. g7 Nf6
$3 $19) 55... Bc5+ (55... Nf8 $19 {Ftacnik}) 56. Ke4 b3 57. g6 fxg6 58. Nxg6
Ka4 59. Kd3 Ba3 60. Be3 (60. Kd2 {Ftacnik} Nc5 61. Nf4 b2 $19 (61... Ne4+ 62.
Kd1 Bxc1 63. Kxc1 Ka3 $19)) 60... Bc5 61. Bc1 (61. Bf4 {Ftacnik} Ba3 {/\ Nc5 -+
}) 61... Ba3 62. Be3 Nc5+ 63. Kd2 (63. Bxc5 {Ftacnik} Bxc5 64. Nf4 Ka3 65. Ne2
Bb4 $1 $19) 63... Ne4+ {White resigned since there is nothing to do against
Black's plan b2, Nc3 and b1Q.} (63... Ne4+ {Ftacnik} 64. Kd3 b2 65. Kc2 Nc3 $19
) 0-1